000
00314nam a2200121Ia 4500
008
190723s9999 xx 000 0 und d
020
_a
969-407-097-X
100
_a
Dr.Vaqar Ahmed
245
0
_a
Eminent Muslim Scientists the Quaid and Poets
260
_a
Karachi
_b
Royal Book
_c
1989
300
_a
120
942
_c
BK
999
_c
1270
_d
1270